[Event "Paignton Bruce Premier"]
[Site "Paignton"]
[Date "2010.09.11"]
[Round "7"]
[White "Taylor, Geoffrey P"]
[Black "Hempson, Peter W"]
[Result "0-1"]
[WhiteElo "1957"]
[BlackElo "2111"]
[PlyCount "67"]
[EventDate "2010.09.05"]
[EventType "swiss"]
[EventRounds "7"]
[EventCountry "ENG"]
[SourceTitle "EXT 2023"]
[Source "ChessBase"]
[SourceDate "2022.10.05"]
[SourceVersion "1"]
[SourceVersionDate "2022.10.05"]
[SourceQuality "1"]

1. e4 c6 2. d4 d5 3. Nd2 dxe4 4. Nxe4 Nd7 5. Nf3 Ngf6 6. Ng3 Qc7 7. Bc4 e6 8. Qe2 Nb6 9. Bb3 c5 10. dxc5 Bxc5 11. Bg5 Nbd5 12. 0-0-0 0-0 13. Kb1 Bd7 14. c4 Nb6 15. Bxf6 gxf6 16. Nh5 Be7 17. Rd4 Qc5 18. g4 Bc6 19. Rf4 Rad8 20. Rg1 Bxf3 21. Qxf3 Rd2 22. Rxf6 Qd4 23. Qc3 Qxc3 24. bxc3 Bxf6 25. Nxf6+ Kg7 26. Nh5+ Kh8 27. Rg2 Rc8 28. Kc1 Rd3 29. Kc2 Rf3 30. g5 Nxc4 31. Nf6 Ne5 32. Ne4 Nd7 33. Kd2 Nc5 34. Ke2 0-1

[Event "Paignton Bruce Premier"]
[Site "Paignton"]
[Date "2010.09.09"]
[Round "5"]
[White "Pickersgill, Adrian"]
[Black "Hempson, Peter W"]
[Result "1/2-1/2"]
[WhiteElo "2431"]
[BlackElo "2111"]
[PlyCount "66"]
[EventDate "2010.09.05"]
[EventType "swiss"]
[EventRounds "7"]
[EventCountry "ENG"]
[SourceTitle "EXT 2023"]
[Source "ChessBase"]
[SourceDate "2022.10.05"]
[SourceVersion "1"]
[SourceVersionDate "2022.10.05"]
[SourceQuality "1"]

1. e4 c6 2. d4 d5 3. f3 e6 4. Nc3 Bb4 5. Qd3 b6 6. Qe3 Nf6 7. a3 Bxc3+ 8. bxc3 Ba6 9. Bxa6 Nxa6 10. e5 Nd7 11. f4 f5 12. Nf3 Qe7 13. a4 Rc8 14. Ba3 c5 15. Qe2 Nab8 16. 0-0 Qf7 17. Rfb1 Nc6 18. c4 Nxd4 19. Nxd4 cxd4 20. cxd5 Nc5 21. a5 Qc7 22. axb6 axb6 23. Qb5+ Kf7 24. dxe6+ Nxe6 25. Bd6 Qc6 26. Qxb6 Nxf4 27. Ra7+ Kg6 28. Qxc6 Rxc6 29. Rbb7 Rg8 30. g3 Nh3+ 31. Kg2 Ng5 32. Rc7 Rxc7 33. Rxc7 Re8 1/2-1/2

[Event "Paignton Bruce Premier"]
[Site "Paignton"]
[Date "2010.09.08"]
[Round "4"]
[White "Hempson, Peter W"]
[Black "Wynarczyk, Raymond"]
[Result "1/2-1/2"]
[WhiteElo "2111"]
[BlackElo "1947"]
[PlyCount "72"]
[EventDate "2010.09.05"]
[EventType "swiss"]
[EventRounds "7"]
[EventCountry "ENG"]
[SourceTitle "EXT 2023"]
[Source "ChessBase"]
[SourceDate "2022.10.05"]
[SourceVersion "1"]
[SourceVersionDate "2022.10.05"]
[SourceQuality "1"]

1. d4 d5 2. c4 e6 3. Nc3 Nf6 4. Bg5 c5 5. cxd5 cxd4 6. Qa4+ Nbd7 7. Qxd4 Bc5 8. Bxf6 Qb6 9. Qf4 Nxf6 10. e4 Qxb2 11. Bb5+ Kf8 12. Rc1 e5 13. Qd2 Bxf2+ 14. Ke2 Qxd2+ 15. Kxd2 Bd4 16. Nge2 Bg4 17. Kd3 a6 18. Bc4 b5 19. Bb3 Bb6 20. h3 Bh5 21. g4 Bg6 22. Ng3 Ke7 23. Rhf1 Nd7 24. Nf5+ Bxf5 25. Rxf5 Nc5+ 26. Ke2 g6 27. d6+ Kxd6 28. Rd1+ Kc7 29. Rxf7+ Kb8 30. Rd6 Ba5 31. Nd5 Nxe4 32. Ne7 Ng5 33. Nc6+ Kc8 34. Be6+ Nxe6 35. Rxe6 Bc7 36. Rfe7 Bd6 1/2-1/2

[Event "Paignton Bruce Premier"]
[Site "Paignton"]
[Date "2010.09.07"]
[Round "3"]
[White "Hickman, John"]
[Black "Hempson, Peter W"]
[Result "1/2-1/2"]
[WhiteElo "1854"]
[BlackElo "2111"]
[PlyCount "42"]
[EventDate "2010.09.05"]
[EventType "swiss"]
[EventRounds "7"]
[EventCountry "ENG"]
[SourceTitle "EXT 2023"]
[Source "ChessBase"]
[SourceDate "2022.10.05"]
[SourceVersion "1"]
[SourceVersionDate "2022.10.05"]
[SourceQuality "1"]

1. Nf3 d5 2. g3 Nd7 3. d3 e5 4. Nbd2 Ngf6 5. e4 dxe4 6. Nxe4 Nxe4 7. dxe4 Bc5 8. Bc4 0-0 9. Bg5 Be7 10. h4 h6 11. Be3 Bd6 12. Qd2 Nb6 13. Bb3 Be6 14. Bxe6 fxe6 15. Qe2 Qf6 16. Nh2 Qg6 17. Qg4 Qxg4 18. Nxg4 h5 19. Bxb6 axb6 20. Ne3 Bc5 21. Ke2 Ra4 1/2-1/2

[Event "Paington op"]
[Site "Paington"]
[Date "2009.09.12"]
[Round "7"]
[White "French, Angus"]
[Black "Hempson, Peter W"]
[Result "1/2-1/2"]
[WhiteElo "2095"]
[BlackElo "2102"]
[PlyCount "110"]
[EventDate "2009.09.06"]
[EventType "swiss"]
[EventRounds "7"]
[EventCountry "ENG"]
[SourceTitle "CBM 132 Extra"]
[Source "ChessBase"]
[SourceDate "2009.11.03"]
[SourceVersion "1"]
[SourceVersionDate "2009.11.03"]
[SourceQuality "1"]

1. e4 c6 2. d4 d5 3. e5 Bf5 4. h4 h6 5. g4 Bd7 6. Nd2 e6 7. Nb3 c5 8. dxc5 Bxc5 9. Nxc5 Qa5+ 10. c3 Qxc5 11. Be3 Qc7 12. f4 Bc6 13. Bd4 Nd7 14. Nf3 Ne7 15. h5 b6 16. b4 Bb7 17. Bd3 Nc6 18. Kf2 0-0-0 19. Qe2 Kb8 20. a4 f6 21. a5 Nxd4 22. cxd4 fxe5 23. fxe5 Rdf8 24. Kg3 Qc3 25. Qe3 Ba6 26. Rhd1 Bxd3 27. Qxd3 Qxd3 28. Rxd3 Rc8 29. axb6 Nxb6 30. Nd2 Rhf8 31. Nb3 Nd7 32. Ra6 Rfe8 33. Na5 Nb6 34. b5 Nc4 35. Nc6+ Kb7 36. Rxa7+ Kb6 37. Rxg7 Rc7 38. Rxc7 Kxc7 39. Rf3 Kb6 40. Nb4 Kxb5 41. Nd3 Nd2 42. Rf7 Kc4 43. Nc5 Kxd4 44. Nd7 Ra8 45. Nf8 Kxe5 46. Ng6+ Kd4 47. Re7 Ra3+ 48. Kg2 Re3 49. g5 Re2+ 50. Kh3 hxg5 51. h6 Ne4 52. h7 g4+ 53. Kxg4 Nf6+ 54. Kg3 Re3+ 55. Kf2 Nxh7 1/2-1/2

[Event "Paington op"]
[Site "Paington"]
[Date "2009.09.11"]
[Round "6"]
[White "Hempson, Peter W"]
[Black "Lewyk, Ihor"]
[Result "1/2-1/2"]
[WhiteElo "2102"]
[BlackElo "2123"]
[PlyCount "77"]
[EventDate "2009.09.06"]
[EventType "swiss"]
[EventRounds "7"]
[EventCountry "ENG"]
[SourceTitle "CBM 132 Extra"]
[Source "ChessBase"]
[SourceDate "2009.11.03"]
[SourceVersion "1"]
[SourceVersionDate "2009.11.03"]
[SourceQuality "1"]

1. d4 Nf6 2. c4 e6 3. Nf3 b6 4. g3 Ba6 5. Nbd2 Bb7 6. Bg2 Be7 7. 0-0 0-0 8. Qc2 d6 9. e4 Nfd7 10. Re1 e5 11. Nf1 c5 12. d5 Nf6 13. Nh4 g6 14. Bh6 Re8 15. Bh3 Bc8 16. Bxc8 Qxc8 17. Ng2 Nbd7 18. Bd2 Nh5 19. Nfe3 Ndf6 20. Rf1 Ng4 21. f3 Nxe3 22. Bxe3 f5 23. Rae1 Nf6 24. exf5 gxf5 25. Nh4 f4 26. gxf4 Nxd5 27. Nf5 Nxe3 28. Rxe3 Bf8 29. fxe5 dxe5 30. Kh1 Qc6 31. Rg1+ Kh8 32. Qg2 Bh6 33. Nxh6 Qxh6 34. Qg5 Qxg5 35. Rxg5 Rad8 36. h3 Rd2 37. Rg2 Rxg2 38. Kxg2 Kg7 39. Kf2 1/2-1/2

[Event "Paington op"]
[Site "Paington"]
[Date "2009.09.10"]
[Round "5"]
[White "Hodgson, John H"]
[Black "Hempson, Peter W"]
[Result "1/2-1/2"]
[WhiteElo "2180"]
[BlackElo "2102"]
[PlyCount "58"]
[EventDate "2009.09.06"]
[EventType "swiss"]
[EventRounds "7"]
[EventCountry "ENG"]
[SourceTitle "CBM 132 Extra"]
[Source "ChessBase"]
[SourceDate "2009.11.03"]
[SourceVersion "1"]
[SourceVersionDate "2009.11.03"]
[SourceQuality "1"]

1. e4 c6 2. d4 d5 3. Nd2 dxe4 4. Nxe4 Nd7 5. Ng5 Ndf6 6. N1f3 Bg4 7. h3 Bxf3 8. Nxf3 e6 9. Bd3 Bd6 10. 0-0 Qc7 11. Re1 0-0-0 12. c4 c5 13. dxc5 Bxc5 14. Qc2 Ne7 15. Be3 Bxe3 16. Rxe3 Nc6 17. Qa4 Qb6 18. a3 Nd4 19. b4 Nxf3+ 20. Rxf3 Rd4 21. Rc1 Rhd8 22. c5 Qc7 23. Bf1 Kb8 24. c6 R8d6 25. Rfc3 Ne4 26. R3c2 b6 27. Qb3 Nd2 28. Qg3 Nxf1 29. Rxf1 g6 1/2-1/2

[Event "Paington op"]
[Site "Paington"]
[Date "2009.09.09"]
[Round "4"]
[White "Hempson, Peter W"]
[Black "Thompson, Robert"]
[Result "1-0"]
[WhiteElo "2102"]
[BlackElo "1835"]
[PlyCount "61"]
[EventDate "2009.09.06"]
[EventType "swiss"]
[EventRounds "7"]
[EventCountry "ENG"]
[SourceTitle "CBM 132 Extra"]
[Source "ChessBase"]
[SourceDate "2009.11.03"]
[SourceVersion "1"]
[SourceVersionDate "2009.11.03"]
[SourceQuality "1"]

1. d4 Nf6 2. c4 g6 3. Nc3 Bg7 4. e4 d6 5. f3 0-0 6. Be3 Nc6 7. Qd2 a6 8. Nge2 Rb8 9. Bh6 b5 10. Bxg7 Kxg7 11. cxb5 axb5 12. d5 Ne5 13. Nd4 b4 14. Ncb5 e6 15. f4 Nxe4 16. Qe3 Ng4 17. Qxe4 exd5 18. Qxd5 Re8+ 19. Be2 Ne3 20. Qg5 f6 21. Qg3 Bd7 22. Kf2 c5 23. Nxd6 cxd4 24. Nxe8+ Bxe8 25. Rac1 Qb6 26. f5 Bc6 27. Qd6 Bxg2 28. Rc7+ Kh6 29. Qg3 Nxf5 30. Qf4+ g5 31. Qxf5 1-0

[Event "Paington op"]
[Site "Paington"]
[Date "2009.09.08"]
[Round "3"]
[White "Hurwitz, Ed"]
[Black "Hempson, Peter W"]
[Result "0-1"]
[WhiteElo "2073"]
[BlackElo "2102"]
[PlyCount "46"]
[EventDate "2009.09.06"]
[EventType "swiss"]
[EventRounds "7"]
[EventCountry "ENG"]
[SourceTitle "CBM 132 Extra"]
[Source "ChessBase"]
[SourceDate "2009.11.03"]
[SourceVersion "1"]
[SourceVersionDate "2009.11.03"]
[SourceQuality "1"]

1. Nc3 d5 2. e4 dxe4 3. Nxe4 Bf5 4. Qf3 e6 5. Ng3 Bxc2 6. Qxb7 Nd7 7. Nf3 Bc5 8. Bb5 Ngf6 9. Ne5 0-0 10. Nxd7 Nxd7 11. Qc6 a6 12. Be2 Bg6 13. 0-0 Bd4 14. Kh1 Ne5 15. Qa4 Nd3 16. Kg1 Qf6 17. Bf3 Ra7 18. Ne2 Bb6 19. Nc3 Rd8 20. Qd1 h6 21. a4 Qd4 22. Qe2 Nxc1 23. Raxc1 Bd3 0-1

[Event "Paignton op"]
[Site "Paignton"]
[Date "2007.09.08"]
[Round "7"]
[White "Hickman, John"]
[Black "Hempson, Peter W"]
[Result "1-0"]
[WhiteElo "2002"]
[BlackElo "2134"]
[PlyCount "85"]
[EventDate "2007.09.02"]
[EventType "swiss"]
[EventRounds "7"]
[EventCountry "ENG"]
[SourceTitle "EXT 2008"]
[Source "ChessBase"]
[SourceDate "2007.11.25"]
[SourceVersion "1"]
[SourceVersionDate "2007.11.25"]
[SourceQuality "1"]

1. Nf3 Nf6 2. g3 g6 3. Bg2 Bg7 4. 0-0 0-0 5. d3 d5 6. Nbd2 c6 7. e4 dxe4 8. dxe4 Bg4 9. h3 Be6 10. Qe2 h6 11. Nb3 Bxb3 12. axb3 Nbd7 13. e5 Nd5 14. e6 fxe6 15. Qxe6+ Kh7 16. c4 Nc5 17. Qe2 Nc7 18. Rd1 Qe8 19. Be3 N5a6 20. Bd4 Qf7 21. Ne5 Bxe5 22. Bxe5 Ne6 23. h4 Ng7 24. Bc3 Nc5 25. b4 Nce6 26. b5 Nd8 27. Rd7 Nge6 28. Be4 Kg8 29. Qc2 Nc5 30. Bxg6 Qe6 31. Bh7+ Kf7 32. Re1 Nxd7 33. Rxe6 Kxe6 34. Qe4+ Kd6 35. bxc6 Nxc6 36. Qg6+ e6 37. Qxh6 Nde5 38. Qg7 Rf7 39. Bxe5+ Nxe5 40. c5+ Kd5 41. Qg5 Raf8 42. Qd2+ Kxc5 43. Qe3+ 1-0

[Event "Paignton op"]
[Site "Paignton"]
[Date "2007.09.05"]
[Round "4"]
[White "Hempson, Peter W"]
[Black "Littlejohns, David"]
[Result "1/2-1/2"]
[WhiteElo "2134"]
[BlackElo "2080"]
[PlyCount "51"]
[EventDate "2007.09.02"]
[EventType "swiss"]
[EventRounds "7"]
[EventCountry "ENG"]
[SourceTitle "EXT 2008"]
[Source "ChessBase"]
[SourceDate "2007.11.25"]
[SourceVersion "1"]
[SourceVersionDate "2007.11.25"]
[SourceQuality "1"]

1. d4 c6 2. c4 d5 3. Nf3 Nf6 4. Nc3 dxc4 5. a4 Bf5 6. e3 e6 7. Bxc4 Nbd7 8. 0-0 Be7 9. h3 0-0 10. Nh4 Ne4 11. Nxf5 exf5 12. Qf3 Nd6 13. Bd3 g6 14. b3 Re8 15. Ba3 Ne4 16. Bxe7 Qxe7 17. Bxe4 fxe4 18. Qe2 Nf6 19. Qc4 Qe6 20. a5 Nd5 21. Rfc1 Nxc3 22. Rxc3 a6 23. Qxe6 Rxe6 24. Ra4 Rd8 25. Rc5 f6 26. Rb4 1/2-1/2

[Event "Paignton op"]
[Site "Paignton"]
[Date "2005.09.06"]
[Round "3"]
[White "Hempson, Peter W"]
[Black "Taylor Bowd, Philip J"]
[Result "1/2-1/2"]
[WhiteElo "2155"]
[BlackElo "2054"]
[PlyCount "32"]
[EventDate "2005.09.04"]
[EventType "swiss"]
[EventRounds "7"]
[EventCountry "ENG"]
[SourceTitle "EXT 2007"]
[Source "ChessBase"]
[SourceDate "2006.11.23"]
[SourceVersion "1"]
[SourceVersionDate "2006.11.23"]
[SourceQuality "1"]

1. d4 d5 2. c4 dxc4 3. Nf3 Nf6 4. e3 e6 5. Bxc4 a6 6. 0-0 c5 7. Qe2 b5 8. Bb3 Bb7 9. a4 Nbd7 10. Nbd2 Qb6 11. Rd1 Be7 12. Nf1 0-0 13. Ng3 Ne4 14. a5 Qa7 15. Bc2 Ndf6 16. Nxe4 Bxe4 1/2-1/2

[Event "Paignton op"]
[Site "Paignton"]
[Date "2004.09.09"]
[Round "6"]
[White "Hempson, Peter W"]
[Black "Berry, Stephen"]
[Result "0-1"]
[WhiteElo "2172"]
[BlackElo "2325"]
[PlyCount "70"]
[EventDate "2004.09.11"]
[EventType "swiss"]
[EventRounds "7"]
[EventCountry "ENG"]
[SourceTitle "EXT 2006"]
[Source "ChessBase"]
[SourceDate "2005.11.24"]
[SourceVersion "1"]
[SourceVersionDate "2005.11.24"]
[SourceQuality "1"]

1. d4 Nf6 2. c4 e6 3. Nf3 b6 4. g3 Bb7 5. Bg2 Be7 6. 0-0 0-0 7. Nc3 Na6 8. a3 Ne4 9. Qd3 d5 10. cxd5 exd5 11. Ne5 Nxc3 12. Qxc3 c5 13. Be3 Qc8 14. Rac1 Bf6 15. Nf3 Qe6 16. Qd2 c4 17. Bg5 Rad8 18. Bxf6 Qxf6 19. Ne5 Qe7 20. Rfe1 Rfe8 21. h4 Nb8 22. Rc3 f6 23. Ng4 Bc8 24. Re3 Qd6 25. Rxe8+ Rxe8 26. Ne3 Be6 27. Rc1 Nc6 28. Rc3 b5 29. Nc2 a5 30. Qf4 Qxf4 31. gxf4 Rd8 32. e3 b4 33. axb4 axb4 34. Rxc4 dxc4 35. Bxc6 b3 0-1

[Event "GBR-ch"]
[Site "Scarborough"]
[Date "2004.08.12"]
[Round "10"]
[White "Almond, Philip"]
[Black "Hempson, Peter W"]
[Result "1/2-1/2"]
[WhiteElo "2131"]
[BlackElo "2172"]
[PlyCount "121"]
[EventDate "2004.08.02"]
[EventType "swiss"]
[EventRounds "11"]
[EventCountry "ENG"]
[SourceTitle "CBM 101 Extra"]
[Source "ChessBase"]
[SourceDate "2004.09.01"]
[SourceVersion "2"]
[SourceVersionDate "2004.09.01"]
[SourceQuality "1"]

1. c4 c5 2. g3 Nc6 3. Bg2 g6 4. Nc3 Bg7 5. a3 Nf6 6. Rb1 0-0 7. b4 cxb4 8. axb4 d6 9. d3 Ng4 10. Bd2 Qb6 11. Nh3 e6 12. 0-0 f5 13. b5 Nd8 14. Na4 Qc7 15. Qb3 Qe7 16. Bb4 Bd4 17. Qa3 Nf7 18. e3 Bf6 19. Nb6 Rb8 20. Qxa7 Bd7 21. Qa3 Rfd8 22. Bc3 Be8 23. Bxf6 Nxf6 24. Qb4 Qc7 25. Na4 b6 26. Nf4 Bd7 27. h4 Kg7 28. Nc3 h6 29. Qb2 Ne5 30. Rfd1 g5 31. hxg5 hxg5 32. Nh3 Kg6 33. Kf1 Bc8 34. e4 Bb7 35. exf5+ exf5 36. Nd5 Bxd5 37. cxd5 Rbc8 38. Qd2 Nf7 39. Rbc1 Qa7 40. Rc6 Qa5 41. Qb2 Ra8 42. d4 Re8 43. Bf3 Rh8 44. Ng1 Rhb8 45. Re1 Qa2 46. Qxa2 Rxa2 47. Re6 Rb2 48. Be2 g4 49. f3 Kg7 50. fxg4 fxg4 51. Bd3 Nxd5 52. Rg6+ Kf8 53. Ne2 Nb4 54. Nf4 Nxc6 55. bxc6 Ra8 56. Be2 Ra7 57. d5 Ne5 58. Rxd6 Ra1+ 59. Kf2 Rc1 60. Re6 Nxc6 61. dxc6 1/2-1/2

[Event "GBR-ch"]
[Site "Scarborough"]
[Date "2004.08.11"]
[Round "9"]
[White "Hempson, Peter W"]
[Black "Ledger, Stephen C"]
[Result "1/2-1/2"]
[WhiteElo "2172"]
[BlackElo "2203"]
[PlyCount "44"]
[EventDate "2004.08.02"]
[EventType "swiss"]
[EventRounds "11"]
[EventCountry "ENG"]
[SourceTitle "CBM 101 Extra"]
[Source "ChessBase"]
[SourceDate "2004.09.01"]
[SourceVersion "2"]
[SourceVersionDate "2004.09.01"]
[SourceQuality "1"]

1. d4 Nf6 2. c4 c5 3. d5 b5 4. cxb5 a6 5. bxa6 g6 6. e3 Bg7 7. Nc3 0-0 8. Nf3 d6 9. Be2 Bxa6 10. 0-0 Nbd7 11. a4 Bxe2 12. Qxe2 Qb6 13. e4 Rfb8 14. Bd2 Ne8 15. Rfb1 Nc7 16. Nd1 Qb3 17. Bg5 f6 18. Bd2 Rxa4 19. Bc3 Rxa1 20. Rxa1 Nb5 21. Kf1 Nxc3 22. bxc3 Qb6 1/2-1/2

[Event "GBR-ch"]
[Site "Scarborough"]
[Date "2004.08.07"]
[Round "6"]
[White "Hempson, Peter W"]
[Black "Gregory, Stephen J"]
[Result "0-1"]
[WhiteElo "2172"]
[BlackElo "2180"]
[PlyCount "60"]
[EventDate "2004.08.02"]
[EventType "swiss"]
[EventRounds "11"]
[EventCountry "ENG"]
[SourceTitle "CBM 101 Extra"]
[Source "ChessBase"]
[SourceDate "2004.09.01"]
[SourceVersion "2"]
[SourceVersionDate "2004.09.01"]
[SourceQuality "1"]

1. c4 Nf6 2. Nf3 d6 3. g3 g6 4. Bg2 Bg7 5. Nc3 0-0 6. 0-0 e5 7. d4 exd4 8. Nxd4 Re8 9. Bg5 h6 10. Bxf6 Qxf6 11. e3 a6 12. Qd2 Nd7 13. Nd5 Qd8 14. Rad1 c6 15. Nc3 Ne5 16. b3 Bf8 17. h3 c5 18. Nc2 Bxh3 19. f4 Bxg2 20. Qxg2 Ng4 21. Qf3 f5 22. e4 Qf6 23. Rfe1 h5 24. e5 dxe5 25. Nd5 Qf7 26. fxe5 Rxe5 27. Rxe5 Nxe5 28. Qe3 Ng4 29. Qg5 Re8 30. Nce3 Bh6 0-1

[Event "GBR-ch"]
[Site "Scarborough"]
[Date "2004.08.04"]
[Round "3"]
[White "Nixon, Thomas CM"]
[Black "Hempson, Peter W"]
[Result "1/2-1/2"]
[WhiteElo "2198"]
[BlackElo "2172"]
[PlyCount "85"]
[EventDate "2004.08.02"]
[EventType "swiss"]
[EventRounds "11"]
[EventCountry "ENG"]
[SourceTitle "CBM 101 Extra"]
[Source "ChessBase"]
[SourceDate "2004.09.01"]
[SourceVersion "2"]
[SourceVersionDate "2004.09.01"]
[SourceQuality "1"]

1. d4 d5 2. Nf3 Nf6 3. g3 g6 4. Bg2 Bg7 5. c4 c6 6. 0-0 0-0 7. Qb3 dxc4 8. Qxc4 Nbd7 9. Nc3 Nb6 10. Qd3 Be6 11. Rd1 Bc4 12. Qc2 Qc8 13. e4 Be6 14. Ng5 Bg4 15. f3 Bd7 16. f4 h6 17. Nf3 Bh3 18. Nh4 Bxg2 19. Kxg2 Qd7 20. Be3 Rad8 21. Bg1 e6 22. Rac1 Qe7 23. Qb3 Rd7 24. a4 Nc8 25. Nf3 Nh7 26. a5 a6 27. Na4 Rfd8 28. Nc5 Rc7 29. e5 Rd5 30. Be3 Na7 31. Bd2 Nb5 32. Bb4 Qe8 33. Na4 Bf8 34. Bc5 Bxc5 35. Nxc5 Nf8 36. Qe3 Kg7 37. g4 Qe7 38. b4 f5 39. exf6+ Qxf6 40. g5 Qf5 41. gxh6+ Kxh6 42. Kg3 Nd6 43. Ng5 1/2-1/2

[Event "GBR-ch Seniors"]
[Site "Edinburgh"]
[Date "2003.07.27"]
[Round "2"]
[White "Boyce, James R"]
[Black "Hempson, Peter W"]
[Result "1/2-1/2"]
[WhiteElo "1840"]
[BlackElo "1976"]
[PlyCount "43"]
[EventDate "2003.07.26"]
[EventType "swiss"]
[EventRounds "7"]
[EventCountry "SCO"]
[SourceTitle "EXT 2007"]
[Source "ChessBase"]
[SourceDate "2006.11.23"]
[SourceVersion "1"]
[SourceVersionDate "2006.11.23"]
[SourceQuality "1"]

1. e4 d5 2. exd5 Qxd5 3. Nc3 Qa5 4. Nf3 c6 5. Bc4 Bf5 6. 0-0 e6 7. d3 Nf6 8. Bf4 Be7 9. Qd2 Qd8 10. Rfe1 0-0 11. Rad1 Nd5 12. Nxd5 cxd5 13. Bb3 Nc6 14. a3 Bf6 15. Ne5 Rc8 16. Nxc6 Rxc6 17. Be5 d4 18. Bxf6 Qxf6 19. Qa5 Ra6 20. Qe5 Rc8 21. Qf4 Ra5 22. Rd2 1/2-1/2

[Event "BCF-ch 87th"]
[Site "Millfield"]
[Date "2000.08.07"]
[Round "7"]
[White "Snape, Ian L"]
[Black "Hempson, Peter W"]
[Result "1-0"]
[WhiteElo "2170"]
[BlackElo "2219"]
[PlyCount "57"]
[EventDate "2000.07.31"]
[EventType "swiss"]
[EventRounds "11"]
[EventCountry "ENG"]
[SourceTitle "CBM 077 Extra"]
[Source "ChessBase"]
[SourceDate "2000.09.14"]
[SourceVersion "1"]
[SourceVersionDate "2000.09.14"]
[SourceQuality "1"]

1. c4 e5 2. Nc3 d6 3. g3 f5 4. Bg2 Nf6 5. d3 Be7 6. e4 Nc6 7. Nge2 0-0 8. 0-0 a6 9. Nd5 Kh8 10. h3 Bd7 11. Be3 fxe4 12. dxe4 Be6 13. Nec3 Qd7 14. Kh2 Rf7 15. f4 g6 16. Nxe7 Nxe7 17. fxe5 dxe5 18. Nd5 Neg8 19. Qb3 b5 20. Qc3 bxc4 21. Qxe5 Bxd5 22. exd5 h5 23. Rf4 Kh7 24. Raf1 Re7 25. Qd4 Rae8 26. Bd2 Re5 27. Rxf6 Nxf6 28. Rxf6 Qe7 29. Rf2 1-0

[Event "BCF-ch 87th"]
[Site "Millfield"]
[Date "2000.07.31"]
[Round "1"]
[White "Lalic, Bogdan"]
[Black "Hempson, Peter W"]
[Result "1-0"]
[WhiteElo "2520"]
[BlackElo "2219"]
[PlyCount "97"]
[EventDate "2000.07.31"]
[EventType "swiss"]
[EventRounds "11"]
[EventCountry "ENG"]
[SourceTitle "CBM 077 Extra"]
[Source "ChessBase"]
[SourceDate "2000.09.14"]
[SourceVersion "1"]
[SourceVersionDate "2000.09.14"]
[SourceQuality "1"]

1. d4 e6 2. c4 f5 3. g3 Nf6 4. Bg2 d5 5. Nh3 c6 6. Qc2 Bb4+ 7. Nd2 Ne4 8. 0-0 Nxd2 9. Bxd2 Bxd2 10. Qxd2 Nd7 11. Qe3 Qe7 12. Nf4 Nf6 13. Rac1 Ng4 14. Qc3 0-0 15. b4 Bd7 16. b5 g5 17. bxc6 bxc6 18. Nd3 Rac8 19. e3 Qg7 20. Rc2 Qh6 21. h3 Nf6 22. Ne5 Rcd8 23. f4 Be8 24. Qa5 Bh5 25. Qc7 gxf4 26. Rxf4 dxc4 27. Qxc6 Rfe8 28. Qxc4 Nd5 29. Bxd5 Rxd5 30. Kh2 Qg7 31. Rxf5 Bg6 32. Rg5 Qf6 33. h4 Kh8 34. Nxg6+ hxg6 35. Qc6 Qf7 36. Qc7 Re7 37. Qf4 Rf5 38. Rxf5 exf5 39. Qh6+ Kg8 40. d5 Qe8 41. Rc6 Rg7 42. Qf4 Qd8 43. Qe5 Qa5 44. Qe8+ Kh7 45. Rc8 Qd2+ 46. Kh3 Kh6 47. Qh8+ Rh7 48. Qf8+ Kh5 49. Rc7 1-0

[Event "Durham op"]
[Site "Durham"]
[Date "2000.??.??"]
[Round "2"]
[White "Garnett, John S"]
[Black "Hempson, Peter W"]
[Result "1/2-1/2"]
[WhiteElo "2001"]
[BlackElo "2219"]
[PlyCount "107"]
[EventDate "2000.??.??"]
[EventType "swiss"]
[EventRounds "5"]
[EventCountry "ENG"]
[SourceTitle "EXT 2001"]
[Source "ChessBase"]
[SourceDate "2000.11.22"]
[SourceVersion "1"]
[SourceVersionDate "2000.11.22"]
[SourceQuality "1"]

1. d4 e6 2. Nf3 f5 3. d5 Be7 4. c4 Nf6 5. dxe6 dxe6 6. Qxd8+ Bxd8 7. Nc3 Nc6 8. Bf4 a6 9. g3 h6 10. Bg2 g5 11. Be3 e5 12. 0-0-0 Be6 13. Nd5 f4 14. Bd2 Nxd5 15. cxd5 Bxd5 16. Bc3 Be4 17. Nxe5 Bxg2 18. Rhg1 Bf6 19. Nxc6 Bxc3 20. Rxg2 Bg7 21. Nb4 0-0 22. Rd7 Rae8 23. gxf4 Rxf4 24. Nd3 Rf7 25. Rxf7 Kxf7 26. Kd2 b6 27. b3 c5 28. f4 Bd4 29. Rg3 gxf4 30. Nxf4 Be5 31. Rf3 Bxf4+ 32. Rxf4+ Kg6 33. Kd3 Kg5 34. Re4 Rd8+ 35. Kc3 Kf5 36. Re7 Rd6 37. b4 cxb4+ 38. Kxb4 Rd4+ 39. Kb3 Rh4 40. Rb7 Rh3+ 41. Kb4 Rxh2 42. Rxb6 h5 43. Rxa6 Rxe2 44. a4 h4 45. Rh6 Kg5 46. Rh8 Re4+ 47. Kb5 Re5+ 48. Kb6 Re6+ 49. Kb7 Rh6 50. Rxh6 Kxh6 51. a5 h3 52. a6 h2 53. a7 h1Q+ 54. Kb8 1/2-1/2